000 00773nam a2200217Ii 4500
003 JO-AjNU
008 230605s9999||||xx |||||||||||||| ||und||
017 _a``
040 _aJO-AjNU
_bara
_erda
_cJO-AjNU
041 _aara
050 1 4 _aJF1358.A7.M37.1996
100 3 _aالمصرى ، أحمد المصرى,
_eauthor
_937790
245 0 0 _aمفاهيم الإدارة العامة بالدول العربية
250 _a(د،ط)
264 3 1 _aالاسكندرية : مؤسسة الشباب الجامعية ، 1996
300 _a371ص
336 _atext
_btxt
_2rdacontent
337 _aunmediated
_bn
_2rdamedia
338 _avolume
_bnc
_2rdacarrier
650 4 _aادارة عامة -- فلسفة -- عالم عربي -- الاحوال الشخصية
_937791
999 _aA15822
_c19390
_d19390